00593nam a2200169Ia 450000500170000000800410001708200130005810000220007124500840009326000550017730000180023265000360025065000180028694200060030495200980031099900150040820250227034704.0240331s9999 xx 000 0 und d bPARa954 aParanavitana, K.D 3aAn inventory of Sri Lanka maps in the general state archives in the Netherlands aColombobThe Ministry of Plan Implementationc1984 axxii, 52 p ., aSea and Land Maps - Sri Lanaka aCoastal Towns cL 001040708LaWERCLbWERCLcSSCd2024-03-31l0o 954.93 PARp2469r2024-03-31w2024-03-31yL c3468d3468